ARRUPE JESUIT UNIVERSITY

CORONAVIRUS -STOP THE SPREAD - CLEAN,DISINFECT,COVER

When victims become killers : (Record no. 130894)

MARC details
000 -LEADER
fixed length control field 01795cam a2200373 a 4500
001 - CONTROL NUMBER
control field 12223566
003 - CONTROL NUMBER IDENTIFIER
control field ARRUPE
005 - DATE AND TIME OF LATEST TRANSACTION
control field 20211015104813.0
008 - FIXED-LENGTH DATA ELEMENTS--GENERAL INFORMATION
fixed length control field 001106s2001 nju b 001 0 eng
010 ## - LIBRARY OF CONGRESS CONTROL NUMBER
LC control number 00065213
020 ## - INTERNATIONAL STANDARD BOOK NUMBER
International Standard Book Number 0691058210 (alk. paper)
040 ## - CATALOGING SOURCE
Original cataloging agency DLC
Transcribing agency DLC
Modifying agency DLC
042 ## - AUTHENTICATION CODE
Authentication code pcc
043 ## - GEOGRAPHIC AREA CODE
Geographic area code f-rw---
050 00 - LIBRARY OF CONGRESS CALL NUMBER
Classification number DT450.435
Item number .M35 2001
082 00 - DEWEY DECIMAL CLASSIFICATION NUMBER
Classification number 967.57104
Edition number 21
300 ## - PHYSICAL DESCRIPTION
Dimensions 24 cm.
100 1# - MAIN ENTRY--PERSONAL NAME
Personal name Mamdani, Mahmood,
Dates associated with a name 1946-
9 (RLIN) 69
245 10 - TITLE STATEMENT
Title When victims become killers :
Remainder of title colonialism, nativism, and the genocide in Rwanda /
Statement of responsibility, etc Mahmood Mamdani.
260 ## - PUBLICATION, DISTRIBUTION, ETC. (IMPRINT)
Place of publication, distribution, etc Princeton, N.J. :
Name of publisher, distributor, etc Princeton University Press,
Date of publication, distribution, etc c2001.
300 ## - PHYSICAL DESCRIPTION
Extent xvi, 364 p. ;
504 ## - BIBLIOGRAPHY, ETC. NOTE
Bibliography, etc Includes bibliographical references (p. [343]-355) and index.
650 #0 - SUBJECT ADDED ENTRY--TOPICAL TERM
Topical term or geographic name as entry element Genocide
Geographic subdivision Rwanda
General subdivision History
Chronological subdivision 20th century.
650 #0 - SUBJECT ADDED ENTRY--TOPICAL TERM
Topical term or geographic name as entry element Tutsi (African people)
General subdivision Crimes against
Geographic subdivision Rwanda
General subdivision History
Chronological subdivision 20th century.
9 (RLIN) 3193
650 #0 - SUBJECT ADDED ENTRY--TOPICAL TERM
Topical term or geographic name as entry element Hutu (African people)
Geographic subdivision Rwanda
General subdivision Politics and government.
9 (RLIN) 50509
651 #0 - SUBJECT ADDED ENTRY--GEOGRAPHIC NAME
Geographic name Rwanda
General subdivision Politics and government.
9 (RLIN) 9761
651 #0 - SUBJECT ADDED ENTRY--GEOGRAPHIC NAME
Geographic name Rwanda
General subdivision Ethnic relations
-- History
Chronological subdivision 20th century.
9 (RLIN) 49633
856 41 - ELECTRONIC LOCATION AND ACCESS
Materials specified Sample text
Uniform Resource Identifier <a href="http://www.loc.gov/catdir/samples/prin031/00065213.html">http://www.loc.gov/catdir/samples/prin031/00065213.html</a>
856 42 - ELECTRONIC LOCATION AND ACCESS
Materials specified Book review (H-Net)
Uniform Resource Identifier <a href="http://www.h-net.org/review/hrev-a0c4p8-aa">http://www.h-net.org/review/hrev-a0c4p8-aa</a>
856 41 - ELECTRONIC LOCATION AND ACCESS
Materials specified Table of contents
Uniform Resource Identifier <a href="http://www.loc.gov/catdir/toc/prin031/00065213.html">http://www.loc.gov/catdir/toc/prin031/00065213.html</a>
856 42 - ELECTRONIC LOCATION AND ACCESS
Materials specified Publisher description
Uniform Resource Identifier <a href="http://www.loc.gov/catdir/description/prin021/00065213.html">http://www.loc.gov/catdir/description/prin021/00065213.html</a>
906 ## - LOCAL DATA ELEMENT F, LDF (RLIN)
a 7
b cbc
c orignew
d 1
e ocip
f 20
g y-gencatlg
942 ## - ADDED ENTRY ELEMENTS (KOHA)
Source of classification or shelving scheme Library of Congress Classification
Koha item type Monograph ( Printed materials)
Holdings
Withdrawn status Lost status Source of classification or shelving scheme Damaged status Not for loan Collection code Home library Current library Shelving location Date acquired Total Checkouts Full call number Barcode Date last seen Price effective from Koha item type
    Library of Congress Classification     Main Collection ARRUPE LIBRARY ARRUPE LIBRARY Main Collection 15/10/2021   DT450.435 .M35 2001 46600007176 15/10/2021 15/10/2021 Monograph ( Printed materials)

 

Arrupe Library. PO Box MP320 Mt Pleasant, Harare, Zimbabwe
263 242 745411|librarian@aju.ac.zw